Geography Quiz

Random Geography or City Quiz
Score 0/224 Timer 10:00
3 Plays Today
Census City % Correct
1790Philadelphia
98.9%
1800Philadelphia
98.9%
1810Philadelphia
98.9%
1820Philadelphia
98.9%
1830Philadelphia
98.9%
1840Philadelphia
98.9%
1850Philadelphia
98.9%
1860Philadelphia
98.9%
1870Philadelphia
98.9%
1880Philadelphia
98.9%
1890Philadelphia
98.9%
1900Philadelphia
98.9%
1910Philadelphia
98.9%
1920Philadelphia
98.9%
1930Philadelphia
98.9%
1940Philadelphia
98.9%
1950Philadelphia
98.9%
1960Philadelphia
98.9%
1970Philadelphia
98.9%
1980Philadelphia
98.9%
1990Philadelphia
98.9%
2000Philadelphia
98.9%
2010Philadelphia
98.9%
1810Pittsburgh
96.2%
1820Pittsburgh
96.2%
1830Pittsburgh
96.2%
1840Pittsburgh
96.2%
1850Pittsburgh
96.2%
1860Pittsburgh
96.2%
1870Pittsburgh
96.2%
1880Pittsburgh
96.2%
1890Pittsburgh
96.2%
1900Pittsburgh
96.2%
1910Pittsburgh
96.2%
1920Pittsburgh
96.2%
1930Pittsburgh
96.2%
1940Pittsburgh
96.2%
1950Pittsburgh
96.2%
1960Pittsburgh
96.2%
1970Pittsburgh
96.2%
1980Pittsburgh
96.2%
1990Pittsburgh
96.2%
2000Pittsburgh
96.2%
2010Pittsburgh
96.2%
1800Pittsburgh
96.2%
1820Harrisburg
87%
1830Harrisburg
87%
1860Harrisburg
87%
1870Harrisburg
87%
1890Harrisburg
87%
1880Harrisburg
87%
1900Harrisburg
87%
1910Harrisburg
87%
1920Harrisburg
87%
2010Harrisburg
87%
2000Harrisburg
87%
1990Harrisburg
87%
1970Harrisburg
87%
1980Harrisburg
87%
1960Harrisburg
87%
1950Harrisburg
87%
1940Harrisburg
87%
1930Harrisburg
87%
1810Harrisburg
87%
1800Harrisburg
87%
1870Scranton
75.1%
1880Scranton
75.1%
1860Scranton
75.1%
1890Scranton
75.1%
1900Scranton
75.1%
1910Scranton
75.1%
1920Scranton
75.1%
1930Scranton
75.1%
1940Scranton
75.1%
1950Scranton
75.1%
Census City % Correct
2010Scranton
75.1%
2000Scranton
75.1%
1990Scranton
75.1%
1970Scranton
75.1%
1980Scranton
75.1%
1960Scranton
75.1%
1870Erie
71.6%
1880Erie
71.6%
1890Erie
71.6%
1900Erie
71.6%
1910Erie
71.6%
1920Erie
71.6%
1930Erie
71.6%
1940Erie
71.6%
1950Erie
71.6%
1960Erie
71.6%
2010Erie
71.6%
2000Erie
71.6%
1990Erie
71.6%
1970Erie
71.6%
1980Erie
71.6%
1860Erie
71.6%
1910Allentown
67%
1870Allentown
67%
1920Allentown
67%
1930Allentown
67%
1940Allentown
67%
1950Allentown
67%
2010Allentown
67%
2000Allentown
67%
1990Allentown
67%
1970Allentown
67%
1980Allentown
67%
1960Allentown
67%
1880Wilkes-Barre
56.3%
1890Wilkes-Barre
56.3%
1900Wilkes-Barre
56.3%
1910Wilkes-Barre
56.3%
1920Wilkes-Barre
56.3%
1930Wilkes-Barre
56.3%
1970Wilkes-Barre
56.3%
1950Wilkes-Barre
56.3%
1940Wilkes-Barre
56.3%
1800Lancaster
54%
1810Lancaster
54%
1820Lancaster
54%
1830Lancaster
54%
1840Lancaster
54%
1850Lancaster
54%
1860Lancaster
54%
1870Lancaster
54%
1880Lancaster
54%
1890Lancaster
54%
1900Lancaster
54%
2010Lancaster
54%
2000Lancaster
54%
1990Lancaster
54%
1980Lancaster
54%
1790Lancaster
54%
1810Reading
51.4%
1820Reading
51.4%
1830Reading
51.4%
1840Reading
51.4%
1850Reading
51.4%
1860Reading
51.4%
1870Reading
51.4%
1880Reading
51.4%
1890Reading
51.4%
1900Reading
51.4%
1910Reading
51.4%
1920Reading
51.4%
1930Reading
51.4%
1940Reading
51.4%
1950Reading
51.4%
2010Reading
51.4%
Census City % Correct
2000Reading
51.4%
1990Reading
51.4%
1970Reading
51.4%
1980Reading
51.4%
1960Reading
51.4%
1800Reading
51.4%
1800York
44.9%
1810York
44.9%
1820York
44.9%
1790York
44.9%
2010Bethlehem
43.3%
2000Bethlehem
43.3%
1990Bethlehem
43.3%
1970Bethlehem
43.3%
1980Bethlehem
43.3%
1960Bethlehem
43.3%
1950Bethlehem
43.3%
1900Altoona
42.8%
2010Altoona
42.8%
2000Altoona
42.8%
1990Altoona
42.8%
1970Altoona
42.8%
1980Altoona
42.8%
1960Altoona
42.8%
1950Altoona
42.8%
1940Altoona
42.8%
1930Altoona
42.8%
1920Altoona
42.8%
1910Altoona
42.8%
1890Altoona
42.8%
1880Altoona
42.8%
1960Chester
29.7%
1910Johnstown
29.5%
1940Johnstown
29.5%
1930Johnstown
29.5%
1920Johnstown
29.5%
1860Easton
26.2%
1810Easton
26.2%
1800Easton
26.2%
1870Williamsport
25.5%
1840Allegheny
19.9%
1850Allegheny
19.9%
1860Allegheny
19.9%
1870Allegheny
19.9%
1880Allegheny
19.9%
1890Allegheny
19.9%
1900Allegheny
19.9%
1790Northern Liberties
17.7%
1800Northern Liberties
17.7%
1810Northern Liberties
17.7%
1820Northern Liberties
17.7%
1830Northern Liberties
17.7%
1840Northern Liberties
17.7%
1850Northern Liberties
17.7%
1810Lebanon
16%
1790Southwark
11.6%
1800Southwark
11.6%
1810Southwark
11.6%
1820Southwark
11.6%
1830Southwark
11.6%
1840Southwark
11.6%
1850Southwark
11.6%
1820Spring Garden
11%
1830Spring Garden
11%
1840Spring Garden
11%
1850Spring Garden
11%
1860Pottsville
10.9%
1820Kensington
8.5%
1830Kensington
8.5%
1840Kensington
8.5%
1850Kensington
8.5%
1830Moyamensing
5.6%
1840Moyamensing
5.6%
1850Moyamensing
5.6%
Remove Ads.
Support Sporcle.
Get the best of Sporcle when you Go Orange. This ad-free experience offers more features, more stats, and more fun while also helping to support Sporcle. Thank you for becoming a member.

You're not logged in!

Compare scores with friends on all Sporcle quizzes.
OR
Log In

Sporcle TV

Today on Sporcle TV


Watch our educational content, quiz creation guides, and fun videos on Sporcle TV.

Show Comments

Extras

Top Quizzes Today


Score Distribution

Paid Content

Your Account Isn't Verified!

In order to create a playlist on Sporcle, you need to verify the email address you used during registration. Go to your Sporcle Settings to finish the process.

Report this User

Report this user for behavior that violates our Community Guidelines.

Details: